000 00525cam a22001571 4500
082 _a510.246291
_bNAI
_cL-3;P-23
100 1 _aNaidich, James.
_939055
245 1 0 _aMathematics for the aviation trades,
_cby James Naidich ...
260 _aNew York,
_aLondon,
_bMcGraw-Hill Book Company, inc.
_c[c1942]
300 _ax, 267 p.
_billus., diagrs.
_c24 cm.
526 _a0
_b0
_c0
_d510_246291000000000_NAI
650 0 _aAirplanes
_xDesign and construction.
_92216
650 0 _aMathematics.
650 0 _aMCE
_9379
942 _2ddc
_cBK
999 _c543625
_d543625